000 00483nam a22001817a 4500
005 20251108172641.0
008 250721s1997 xx 000 0 ara d
082 1 4 _a291/عوض
100 1 _aعوض، رمسيس
245 1 0 _aالهرطقة في الغرب /
264 1 _aمصر :
_bسينا للنشر،
_c1997.
300 _a260 ص
650 1 7 _aالدين المقارن
650 1 7 _aالمسيحية
650 1 7 _aاليهودية
942 _2ddc
_cBK
999 _c85006
_d85006